Théorie des probabilités : exposés sur ses fondements et ses applications /
Guardado en:
| Otros Autores: | |
|---|---|
| Formato: | Libro |
| Idioma: | French |
| Publicado: |
Louvain :
E. Nauwelaerts,
1952.
|
| Series: | Collection de logique mathématique. Série B ;
I |
| Etiquetas: |
Agregar Etiqueta
Sin Etiquetas, Sea el primero en etiquetar este registro!
|
| LEADER | 01325nam a22001695a 4500 | ||
|---|---|---|---|
| 001 | MAT.inmabb000305 | ||
| 008 | 031211s1952####be############000#0#fre#d | ||
| 005 | 20110228160221.0 | ||
| 245 | 0 | 0 | |a Théorie des probabilités : |b exposés sur ses fondements et ses applications / |c par MM. Gillis, Von Mises, Ballieu, Van Dantzig, Coutrez, Bouckaert, Prigogine, Campus, Fauville, Frechet, Hirsch. |
| 260 | |a Louvain : |b E. Nauwelaerts, |c 1952. | ||
| 300 | |a 194 p. ; |c 25 cm. | ||
| 440 | 0 | |a Collection de logique mathématique. |p Série B ; |v I | |
| 505 | 0 | |a Gillis, On the notion of probability -- v. Mises, On the foundations of the calculus of probability; Ballieu, Statistical analysis -- v. Dantzig, Problems posed by the application of the calculus of probability -- Coutrez, On the application of the calculus of probability to astronomy -- Bouckaert, Statistical theories of physics -- Prigogine, Probability and irreversibility -- Campus, Probabilistic concept of the safety of edifices -- Fauville, Problems posed by psychology to the calculus of probability -- Fréchet, The calculus of probability in the social sciences -- Hirsch, Conclusions. On the application of the theory of probability to statistics. | |
| 510 | 4 | |a MR, |c 14,770a | |
| 700 | 1 | |a Gillis, Paul P. | |
| 084 | |a 60-06 (60Axx) |2 msc2000 | ||
| 859 | |h 60 |i T396 |p A-44 |b BIB. MATEMATICA | ||
